[Event "HUN-chT2 Maroczy 1415"]
[Site "Hungary"]
[Date "2014.11.16"]
[Round "2"]
[White "Nemeth, Henrietta"]
[Black "Miszler, Levente"]
[Result "0-1"]
[WhiteElo "1697"]
[BlackElo "1604"]
[PlyCount "52"]
[EventDate "2014.10.12"]
[EventType "team-tourn"]
[EventRounds "9"]
[EventCountry "HUN"]
[SourceTitle "EXT 2016"]
[Source "ChessBase"]
[SourceDate "2015.10.08"]
[SourceVersion "1"]
[SourceVersionDate "2015.10.08"]
[SourceQuality "1"]
[WhiteTeam "Magyar Sakkvilag"]
[BlackTeam "TLSE"]
[WhiteTeamCountry "HUN"]
[BlackTeamCountry "HUN"]

1. e4 c5 2. Nf3 d6 3. d4 cxd4 4. Nxd4 Nf6 5. Nc3 a6 6. a4 e5 7. Nf3 Be7 8. h3 0-0 9. Be3 h6 10. Bc4 Nc6 11. 0-0 Be6 12. Bd5 Bxd5 13. exd5 Nb8 14. a5 Nbd7 15. b4 Rc8 16. Ra3 Qc7 17. Nd2 Nh7 18. Qe2 f5 19. g3 Bf6 20. Nf3 e4 21. Nd4 Bxd4 22. Bxd4 Qc4 23. Qd2 Ng5 24. Kg2 Nf3 25. Qf4 Nxd4 26. Qd2 Ne5 0-1

[Event "HUN-chT2 Maroczy 1213"]
[Site "Hungary"]
[Date "2013.02.17"]
[Round "7"]
[White "Kovacs, Sandor"]
[Black "Nemeth, Henrietta"]
[Result "0-1"]
[WhiteElo "1671"]
[BlackElo "1648"]
[PlyCount "68"]
[EventDate "2012.09.16"]
[EventType "team-tourn"]
[EventRounds "11"]
[EventCountry "HUN"]
[SourceTitle "EXT 2014"]
[Source "ChessBase"]
[SourceDate "2013.11.20"]
[SourceVersion "1"]
[SourceVersionDate "2013.11.20"]
[SourceQuality "1"]
[WhiteTeam "Karcag"]
[BlackTeam "Taban Spartacus"]
[WhiteTeamCountry "HUN"]
[BlackTeamCountry "HUN"]

1. e4 e5 2. Nf3 Nc6 3. d4 exd4 4. Nxd4 Bc5 5. Be3 Bb6 6. Bc4 Qf6 7. c3 Ne5 8. Bb3 Qg6 9. Nd2 d6 10. Bc2 Qxg2 11. Rf1 Bh3 12. Qe2 Qg6 13. 0-0-0 Bxf1 14. Rxf1 f6 15. f4 Bxd4 16. Bxd4 Qg4 17. Qf2 Nc6 18. Rg1 Qd7 19. Be3 0-0-0 20. Ba4 g6 21. Nc4 Nge7 22. Rd1 Qe6 23. Bb3 Qxe4 24. Re1 Qf5 25. Bd2 Rhe8 26. Nb6+ Kb8 27. Nc4 Nd5 28. Rd1 Ne5 29. Bc2 Nd3+ 30. Bxd3 Qxd3 31. Na3 Re2 32. Qg1 Ne3 33. Qg3 Rxd2 34. Re1 Rd1+ 0-1

[Event "HUN-chT U18"]
[Site "Budapest"]
[Date "2012.10.28"]
[Round "1.13"]
[White "Medve, Mark"]
[Black "Nemeth, Henrietta"]
[Result "1-0"]
[WhiteElo "1976"]
[BlackElo "1648"]
[PlyCount "75"]
[EventDate "2012.10.28"]
[EventType "team-swiss"]
[EventRounds "8"]
[EventCountry "HUN"]
[SourceTitle "EXT 2020"]
[Source "ChessBase"]
[SourceDate "2019.10.17"]
[SourceVersion "1"]
[SourceVersionDate "2019.10.17"]
[SourceQuality "1"]

1. e4 e5 2. Nf3 Nc6 3. Bc4 Bc5 4. c3 Nf6 5. d3 0-0 6. Bb3 d5 7. Qe2 Re8 8. 0-0 Bg4 9. Nbd2 d4 10. h3 Bh5 11. Rd1 h6 12. Nf1 Bg6 13. Ng3 Nh5 14. Nxh5 Bxh5 15. g4 Bg6 16. Nh2 Qh4 17. Kg2 Rad8 18. Nf1 Rd6 19. Ng3 Rf6 20. Rf1 Rd8 21. f4 Rfd6 22. f5 Bh7 23. c4 Na5 24. Ba4 Ra6 25. Bd1 Be7 26. Bd2 Nc6 27. f6 Bxf6 28. Nf5 Bxf5 29. Rxf5 g6 30. Be1 gxf5 31. Bxh4 Bxh4 32. exf5 Re8 33. Qe4 Rb6 34. Rb1 Nb4 35. a3 Na6 36. Bc2 Nc5 37. Qd5 Rc6 38. b4 1-0

[Event "HUN-chT2 Maroczy 1112"]
[Site "Hungary"]
[Date "2012.03.11"]
[Round "7"]
[White "Nemeth, Henrietta"]
[Black "Acs, Petra"]
[Result "1-0"]
[WhiteElo "1666"]
[BlackElo "1595"]
[PlyCount "105"]
[EventDate "2011.09.25"]
[EventType "team-tourn"]
[EventRounds "11"]
[EventCountry "HUN"]
[SourceTitle "EXT 2013"]
[Source "ChessBase"]
[SourceDate "2012.11.22"]
[SourceVersion "1"]
[SourceVersionDate "2012.11.22"]
[SourceQuality "1"]
[WhiteTeam "Taban Spartacus"]
[BlackTeam "Miskolc EMSE"]
[WhiteTeamCountry "HUN"]
[BlackTeamCountry "HUN"]

1. e4 e5 2. Nf3 Nc6 3. Bc4 Nf6 4. d3 Be7 5. c3 0-0 6. Nbd2 d5 7. Bb3 Bg4 8. 0-0 dxe4 9. Nxe4 Nxe4 10. dxe4 Qxd1 11. Bxd1 Rad8 12. Be3 Rd7 13. h3 Bxf3 14. Bxf3 Na5 15. Bg4 Rd3 16. Be2 Rdd8 17. Rad1 h6 18. Rd5 Rxd5 19. exd5 b6 20. Ba6 Rb8 21. f4 Bd6 22. fxe5 Bxe5 23. Bf4 Bxf4 24. Rxf4 Nb7 25. Rc4 Nc5 26. Bb5 Rd8 27. b4 a6 28. Bc6 Nd3 29. Bb7 Rd7 30. Bxa6 Ne5 31. Rd4 Rd8 32. a4 Kf8 33. Kf2 Ke7 34. Ke3 f5 35. Bb7 Kd6 36. a5 bxa5 37. bxa5 Kc5 38. a6 Kb6 39. Kf4 Nf7 40. Rb4+ Ka7 41. Kxf5 Rd6 42. Rf4 Nd8 43. Rb4 Nf7 44. Bc8 Rf6+ 45. Kg4 Nd6 46. Bb7 Rg6+ 47. Kf3 Nf5 48. Rg4 Rf6 49. Ke4 Nd6+ 50. Ke5 Ne8 51. Bc6 Nd6 52. Rxg7 Rf5+ 53. Ke6 1-0

[Event "HUN-chT 1011"]
[Site "Hungary"]
[Date "2011.01.30"]
[Round "5"]
[White "Varga, Melinda"]
[Black "Nemeth, Henrietta"]
[Result "1-0"]
[WhiteElo "1989"]
[BlackElo "1685"]
[PlyCount "35"]
[EventDate "2010.10.10"]
[EventType "team-tourn"]
[EventRounds "11"]
[EventCountry "HUN"]
[SourceTitle "EXT 2012"]
[Source "ChessBase"]
[SourceDate "2011.11.24"]
[SourceVersion "1"]
[SourceVersionDate "2011.11.24"]
[SourceQuality "1"]
[WhiteTeam "Haladas"]
[BlackTeam "Taban Spartacus"]
[WhiteTeamCountry "HUN"]
[BlackTeamCountry "HUN"]

1. Nf3 d5 2. g3 Nf6 3. Bg2 c6 4. c4 Bf5 5. cxd5 cxd5 6. Qb3 Qc7 7. Nc3 e6 8. d3 Nbd7 9. Bf4 Qc6 10. Nd4 Qb6 11. Nxf5 exf5 12. Bxd5 Nxd5 13. Nxd5 Qc6 14. 0-0 Rc8 15. d4 b6 16. Rac1 Qb7 17. Rxc8+ Qxc8 18. Qe3+ 1-0

[Event "HUN-chT U18"]
[Site "Miskolc"]
[Date "2010.11.06"]
[Round "8.5"]
[White "Marta, Dominik"]
[Black "Nemeth, Henrietta"]
[Result "1-0"]
[WhiteElo "1722"]
[BlackElo "1685"]
[PlyCount "71"]
[EventDate "2010.11.02"]
[EventType "team-swiss"]
[EventRounds "8"]
[EventCountry "HUN"]
[SourceTitle "EXT 2016"]
[Source "ChessBase"]
[SourceDate "2015.10.08"]
[SourceVersion "1"]
[SourceVersionDate "2015.10.08"]
[SourceQuality "1"]

1. d4 d5 2. c4 e6 3. Nc3 Nf6 4. Bf4 Be7 5. Nf3 0-0 6. e3 c6 7. Bd3 dxc4 8. Bxc4 Nbd7 9. Rc1 b6 10. 0-0 Re8 11. Qc2 Nf8 12. Bd3 Bb7 13. Ne5 N6d7 14. Rfd1 f6 15. Nxd7 Qxd7 16. Be4 Bd6 17. Bxd6 Qxd6 18. Nb5 Qe7 19. Bxc6 Rec8 20. Qe4 Bxc6 21. Rxc6 Qb7 22. Rxe6 Qd7 23. Re7 Qxb5 24. Qb7 Qg5 25. d5 Rd8 26. d6 f5 27. Qd5+ Kh8 28. Rf7 Nd7 29. Rxd7 Rxd7 30. Qxa8+ Rd8 31. Qxa7 Qg4 32. Rc1 Qb4 33. Rd1 Qc5 34. Qe7 Rg8 35. Qc7 Qe5 36. Qxb6 1-0

[Event "HUN-chT U18"]
[Site "Miskolc"]
[Date "2010.11.04"]
[Round "4.2"]
[White "Kaczur, Florian"]
[Black "Nemeth, Henrietta"]
[Result "1-0"]
[WhiteElo "2013"]
[BlackElo "1685"]
[PlyCount "79"]
[EventDate "2010.11.02"]
[EventType "team-swiss"]
[EventRounds "8"]
[EventCountry "HUN"]
[SourceTitle "EXT 2016"]
[Source "ChessBase"]
[SourceDate "2015.10.08"]
[SourceVersion "1"]
[SourceVersionDate "2015.10.08"]
[SourceQuality "1"]

1. d4 d5 2. c4 e6 3. Nf3 Nf6 4. Nc3 Nbd7 5. Bg5 Be7 6. e3 0-0 7. Rc1 c6 8. Qc2 Re8 9. Bd3 dxc4 10. Bxc4 Nd5 11. Bxe7 Qxe7 12. 0-0 Nxc3 13. bxc3 e5 14. a4 e4 15. Nd2 Nf6 16. Rb1 b6 17. Rfc1 Qc7 18. Be2 Bg4 19. Bf1 Be6 20. c4 Ng4 21. g3 Bf5 22. c5 Re6 23. cxb6 axb6 24. Qb3 Rh6 25. h3 Nf6 26. Qxb6 Qxb6 27. Rxb6 Bxh3 28. Bxh3 Rxh3 29. Rbxc6 h6 30. Rc8+ Rxc8 31. Rxc8+ Kh7 32. Rc5 Rh5 33. Rxh5 Nxh5 34. a5 Nf6 35. a6 Nd5 36. Nxe4 Kg6 37. a7 Nb6 38. d5 f5 39. Nd6 Na8 40. Nb5 1-0

[Event "HUN-chT 0809"]
[Site "Hungary"]
[Date "2009.02.08"]
[Round "7"]
[White "Gara, Ticia"]
[Black "Nemeth, Henrietta"]
[Result "1-0"]
[WhiteElo "2312"]
[BlackElo "1806"]
[PlyCount "57"]
[EventDate "2008.10.26"]
[EventType "team-tourn"]
[EventRounds "11"]
[EventCountry "HUN"]
[SourceTitle "EXT 2010"]
[Source "ChessBase"]
[SourceDate "2010.11.25"]
[SourceVersion "1"]
[SourceVersionDate "2010.11.25"]
[SourceQuality "1"]
[WhiteTeam "Aquaprofit"]
[BlackTeam "Taban Spartacus"]
[WhiteTeamCountry "HUN"]
[BlackTeamCountry "HUN"]

1. e4 c5 2. Nf3 d6 3. d4 cxd4 4. Nxd4 Nf6 5. Nc3 g6 6. Be3 Bg7 7. f3 0-0 8. Qd2 Nc6 9. Bc4 Bd7 10. 0-0-0 Rc8 11. Bb3 Na5 12. g4 Nxb3+ 13. axb3 a5 14. h4 a4 15. bxa4 Qa5 16. Nb3 Qa6 17. Qd3 Qa8 18. a5 Be6 19. Nd5 Nxd5 20. exd5 Bd7 21. Rhe1 Ba4 22. Bb6 Be5 23. Kb1 e6 24. h5 exd5 25. Qxd5 Qa6 26. Nc5 Qb5 27. Nxa4 Qxa4 28. Qb3 Qd7 29. Rxe5 1-0

[Event "Paks op"]
[Site "Paks"]
[Date "2008.07.30"]
[Round "1"]
[White "Nemeth, Henrietta"]
[Black "Javor, Sandor"]
[Result "0-1"]
[WhiteElo "1784"]
[BlackElo "2268"]
[PlyCount "100"]
[EventDate "2008.07.30"]
[EventType "swiss"]
[EventRounds "7"]
[EventCountry "HUN"]
[SourceTitle "EXT 2011"]
[Source "ChessBase"]
[SourceDate "2010.11.26"]
[SourceVersion "1"]
[SourceVersionDate "2010.11.26"]
[SourceQuality "1"]

1. e4 d6 2. d4 Nd7 3. Nf3 e5 4. dxe5 dxe5 5. Bc4 Bd6 6. Ng5 Nh6 7. 0-0 Nb6 8. Bb3 Qe7 9. Be3 0-0 10. Qf3 Ng4 11. Nxf7 Rxf7 12. Qxf7+ Qxf7 13. Bxf7+ Kxf7 14. Bxb6 axb6 15. Nc3 Bd7 16. Nd5 Nf6 17. Ne3 Nxe4 18. Rfd1 Be6 19. a3 Ke7 20. Nd5+ Kd7 21. f4 Bxd5 22. Rxd5 Kc6 23. Rd3 exf4 24. Re1 Bc5+ 25. Kf1 Be3 26. g3 g5 27. Kg2 h5 28. Kf3 g4+ 29. Kxe4 Re8+ 30. Kf5 f3 31. Rc3+ Bc5 32. Rf1 Kb5 33. Kg5 Re5+ 34. Kf4 Bd6 35. Rcxf3 gxf3 36. Kxf3 Rf5+ 37. Ke2 Rxf1 38. Kxf1 h4 39. g4 Bxh2 40. g5 Be5 41. Kg2 Bxb2 42. g6 Ka4 43. Kh3 Kxa3 44. Kxh4 c5 45. Kg3 c4 46. Kf3 b5 47. Ke3 Bg7 48. Ke2 Kb2 49. Kd1 b4 50. Kd2 b3 0-1